| 000 | 003360000a22000970004500 | ||
|---|---|---|---|
| 100 | 1 | _aSendek, Elizabeth de | |
| 245 | 1 | 0 | _aThe other Latin christs : How does the average Latin America today view the person and work of Jesus? |
| 300 | _aVol. 6, Num. 2 (Abril-Junio, 1996), Páginas 6-9 | ||
| 773 | 0 | _tLatin America Evangelist | |
| 942 | _cANA | ||
| 999 |
_c54945 _d54945 |
||